000 00367nam a2200169Ia 4500
003 0STCL
008 150530s9999 xx 000 0 und d
040 _aSTCL
_cSTCL
100 _aNair, T.R.
245 _aSundari
260 _bB.V. Books; Trivandrum
_c1941
300 _a0
546 _aMalayalam
942 _2ddc
_cBK
999 _c46355
_d46355
005 20220125170707.0